El proceso de investigación / (Registro nro. 4383)
[ vista simple ]
| 000 -LEADER | |
|---|---|
| fixed length control field | 01229nam a2200265Ia 4500 |
| 003 - CONTROL NUMBER IDENTIFIER | |
| control field | OSt |
| 005 - DATE AND TIME OF LATEST TRANSACTION | |
| control field | 20200320104615.0 |
| 008 - FIXED-LENGTH DATA ELEMENTS--GENERAL INFORMATION | |
| fixed length control field | 191128s1996 ck a fr 001 0dspa d |
| 020 ## - INTERNATIONAL STANDARD BOOK NUMBER | |
| International Standard Book Number | 9589443389 |
| 040 ## - CATALOGING SOURCE | |
| Original cataloging agency | CO-JMCR |
| Transcribing agency | CO-JMCR |
| 041 ## - LANGUAGE CODE | |
| Language code of text/sound track or separate title | spa |
| 082 04 - DEWEY DECIMAL CLASSIFICATION NUMBER | |
| Classification number | 001.4 / |
| Item number | S116p |
| 100 1# - MAIN ENTRY--PERSONAL NAME | |
| Personal name | Sabino, Carlos A., |
| Relator term | autor |
| 9 (RLIN) | 1142 |
| 245 13 - TITLE STATEMENT | |
| Title | El proceso de investigación / |
| Statement of responsibility, etc. | Carlos A. Sabino |
| 260 ## - PUBLICATION, DISTRIBUTION, ETC. | |
| Place of publication, distribution, etc. | Medellín ( Colombia) : |
| Name of publisher, distributor, etc. | Cometa de papel, |
| Date of publication, distribution, etc. | 1996 |
| 300 ## - PHYSICAL DESCRIPTION | |
| Extent | 212 páginas : |
| Other physical details | ilustraciones a blanco y negro ; |
| Dimensions | 17 cm. |
| 490 ## - SERIES STATEMENT | |
| Series statement | Letras ; ensayo |
| 504 ## - BIBLIOGRAPHY, ETC. NOTE | |
| Bibliography, etc. note | Bibliografía: páginas 235-237. |
| 505 ## - FORMATTED CONTENTS NOTE | |
| Formatted contents note | El problema del conocimiento -- El método científico -- La investigación científica -- Planteamiento de la investigación -- El marco teórico -- Problemas de la investigación -- El muestreo -- Instrumentos de recolección de datos |
| 520 ## - SUMMARY, ETC. | |
| Summary, etc. | Esta obra es un excelente material de apoyo para todo el que se inicia en métodos de trabajos de investigación y para quienes aún no han desarrollado una experiencia importante en este campo. |
| 546 ## - LANGUAGE NOTE | |
| Language note | spa |
| 650 24 - SUBJECT ADDED ENTRY--TOPICAL TERM | |
| Topical term or geographic name entry element | Metodología científica |
| General subdivision | Investigación |
| 9 (RLIN) | 1144 |
| 650 24 - SUBJECT ADDED ENTRY--TOPICAL TERM | |
| Topical term or geographic name entry element | Investigación científica |
| General subdivision | proceso |
| 9 (RLIN) | 1145 |
| 942 ## - ADDED ENTRY ELEMENTS (KOHA) | |
| Source of classification or shelving scheme | Dewey Decimal Classification |
| Koha item type | Books |
| Withdrawn status | Lost status | Materials specified (bound volume or other part) | Damaged status | Not for loan | Collection code | Home library | Current library | Date acquired | Total Checkouts | Full call number | Barcode | Date last seen | Copy number | Price effective from | Koha item type |
|---|---|---|---|---|---|---|---|---|---|---|---|---|---|---|---|
| Donación--16/11/2018-- | Biblioteca Pública José María del Castillo y Rada | Biblioteca Pública José María del Castillo y Rada | 11/28/2019 | 001 .4 S116p | 201809235 | 05/16/2024 | Ej.1 | 11/28/2019 | Books |